000 00209 a2200097 4500
001 2556
100 _aSpeer, Albert
245 _aInside the third reich
260 _aNY
_bAvon books
_c1982
090 _c1852
_d1852
942 _aNUST-CAE
_c
_c9469
999 _c237629
_d237629